[Event "Lisbon Portugal op"]
[Site "Lisbon"]
[Date "2017.02.09"]
[Round "8"]
[White "Candeias, Humberto"]
[Black "Purificacao, Sandro Jose"]
[Result "1-0"]
[WhiteElo "1979"]
[BlackElo "1549"]
[PlyCount "115"]
[EventDate "2017.02.04"]
[EventType "swiss"]
[EventRounds "9"]
[EventCountry "POR"]
[SourceTitle "CBM 176 Extra"]
[Source "ChessBase"]
[SourceDate "2017.03.02"]
[SourceVersion "1"]
[SourceVersionDate "2017.03.02"]
[SourceQuality "1"]

1. e4 c6 2. Nc3 d6 3. d4 Nd7 4. Nf3 e5 5. Be2 Ngf6 6. 0-0 b5 7. a3 Be7 8. d5 cxd5 9. Nxd5 Rb8 10. c4 bxc4 11. Nxe7 Qxe7 12. Bxc4 0-0 13. Nd2 Nc5 14. f3 a5 15. Re1 a4 16. Nf1 Be6 17. Ne3 d5 18. exd5 Rfd8 19. dxe6 Rxd1 20. exf7+ Kh8 21. Rxd1 Nb3 22. Bd2 Nxa1 23. Rxa1 Rxb2 24. Bb4 Rxb4 25. axb4 Qxb4 26. Rd1 Qb6 27. Kf1 g6 28. Ke2 Kg7 29. g4 e4 30. f4 a3 31. h4 Qb4 32. Rd4 Qb6 33. Rd2 Qb8 34. h5 gxh5 35. Nf5+ Kf8 36. Nd4 Nd7 37. Ne6+ Ke7 38. Rxd7+ Kxd7 39. f8Q Qb2+ 40. Kf1 Qc1+ 41. Kg2 Qd2+ 42. Kg1 Qe3+ 43. Kf1 Qf3+ 44. Ke1 Qe3+ 45. Kd1 Qg1+ 46. Kc2 Qf2+ 47. Kb3 Qb2+ 48. Ka4 Qc2+ 49. Ka5 Qxc4 50. Qd8+ Kxe6 51. Qg8+ Kd6 52. Qxc4 hxg4 53. Qd4+ Kc7 54. Qxe4 h5 55. f5 Kd6 56. Qe6+ Kc5 57. f6 a2 58. Qxa2 1-0

[Event "Lisbon Portugal op"]
[Site "Lisbon"]
[Date "2017.02.06"]
[Round "5"]
[White "Purificacao, Sandro Jose"]
[Black "Martinez Lopez, Jaime"]
[Result "1/2-1/2"]
[WhiteElo "1549"]
[BlackElo "2041"]
[PlyCount "101"]
[EventDate "2017.02.04"]
[EventType "swiss"]
[EventRounds "9"]
[EventCountry "POR"]
[SourceTitle "CBM 176 Extra"]
[Source "ChessBase"]
[SourceDate "2017.03.02"]
[SourceVersion "1"]
[SourceVersionDate "2017.03.02"]
[SourceQuality "1"]

1. e4 Nc6 2. Nc3 d6 3. d4 g6 4. d5 Nb8 5. Be3 c5 6. dxc6 Nxc6 7. Bb5 Bg7 8. Bd4 Nf6 9. Nf3 0-0 10. 0-0 Nxd4 11. Nxd4 a6 12. Be2 b5 13. Nd5 Bb7 14. Bf3 e6 15. Nxf6+ Bxf6 16. Qd3 Qb6 17. c3 Rfd8 18. Rad1 b4 19. c4 Rac8 20. Nc2 a5 21. b3 Bc3 22. Ne3 f5 23. g3 Qc6 24. Bg2 fxe4 25. Qe2 Qe8 26. Qg4 d5 27. cxd5 exd5 28. Nf5 Qe5 29. Ne3 Ba6 30. h4 Bb7 31. Kh1 Re8 32. f4 exf3 33. Rxf3 d4 34. Nc4 Bxf3 35. Bxf3 Qf5 36. Qxf5 gxf5 37. Kg2 a4 38. Nd6 axb3 39. axb3 Rcd8 40. Nxe8 Rxe8 41. Rf1 Kg7 42. Bh5 Re5 43. Bd1 Ra5 44. g4 fxg4 45. Bxg4 d3 46. Bd1 Rd5 47. Rf3 Rd4 48. Kh3 Kg6 49. Kg3 Rd7 50. Kg4 Bf6 51. Re3 1/2-1/2

[Event "Lisbon Portugal op"]
[Site "Lisbon"]
[Date "2017.02.05"]
[Round "3"]
[White "Purificacao, Sandro Jose"]
[Black "Lixa, Alberto JP"]
[Result "1-0"]
[WhiteElo "1549"]
[BlackElo "1262"]
[PlyCount "31"]
[EventDate "2017.02.04"]
[EventType "swiss"]
[EventRounds "9"]
[EventCountry "POR"]
[SourceTitle "CBM 176 Extra"]
[Source "ChessBase"]
[SourceDate "2017.03.02"]
[SourceVersion "1"]
[SourceVersionDate "2017.03.02"]
[SourceQuality "1"]

1. e4 c5 2. Nf3 Nc6 3. d4 cxd4 4. Nxd4 a6 5. Nc3 d6 6. Be3 g6 7. Qd2 Bg7 8. f3 Nf6 9. g4 0-0 10. 0-0-0 Nxd4 11. Bxd4 Ne8 12. h4 Qc7 13. Nd5 Qb8 14. Nxe7+ Kh8 15. h5 h6 16. Qxh6# 1-0